| 000 | 01706nam a22002537a 4500 | ||
|---|---|---|---|
| 003 | Uzh_bibl | ||
| 008 | 260629b |||||||| |||| 00| 0 ukr d | ||
| 020 |
_a5-337-01439-0 _c9.82 |
||
| 040 | _aукр. | ||
| 041 |
_2ukr _aukr |
||
| 080 | _a821(477) | ||
| 090 |
_a821(477) _bГ 93 |
||
| 100 | _aГудима, Андрій | ||
| 245 |
_aКара без вини _hТекст |
||
| 260 |
_aКиїв _bУрожай _c1993 |
||
| 300 |
_a288 с. _fВ опр. |
||
| 520 | _aУ романі автор звертається до жахливих подій, що внаслідок безглуздої сталінської тоталітарної політики мали місце в Україні у 1932—1933 роках. Далеко від жвавих шляхів та людних міст розкинулося невелике подільське село Слобода, проте голод безжалісним потоптом пройшовся і по ньому. Встаньмо і пом'янімо, знайдімо в собі силу і мужність пройти за невигаданими героями шляхами їхньої хресної путі. Це потрібно «і мертвим, і живим, і ненародженим...». | ||
| 521 | _aДля широкого кола читачів | ||
| 546 | _aукр. | ||
| 650 |
_aЛітературно-художнє видання _y1932–1933 роки _zУкраїна, подільське село Слобода |
||
| 653 |
_aГолодомор _aСело _aСтраждання _aПам'ять _aНарод |
||
| 655 |
_aІсторичний роман _vРомани |
||
| 942 |
_2udc _cBK |
||
| 999 |
_c18597 _d18597 |
||